Analýza úverových foriem financovania nehnuteľnosti diplomová práca

Salvato in:
Dettagli Bibliografici
Autore principale: Mrvová, Lenka
Ente Autore: Fakulta podnikového manažmentu EU. Katedra podnikových financií
Altri autori: Hyránek, Eduard, 1955-
Natura: Libro
Lingua:slovacco
Pubblicazione: Bratislava 2008
Tags: Aggiungi Tag
Nessun Tag, puoi essere il primo ad aggiungerne!!

MARC

LEADER 00000nam$a2200000$$$4500
001 0088921
005 20240201114836.5
041 0 |a slo 
044 |a SK 
245 1 0 |a Analýza úverových foriem financovania nehnuteľnosti  |b diplomová práca  |c Lenka Mrvová ; škol. Eduard Hyránek 
264 1 |a Bratislava  |c 2008 
300 |a 94 s. 
100 1 |a Mrvová, Lenka 
700 1 |a Hyránek, Eduard, 1955- 
710 2 |a Fakulta podnikového manažmentu EU. Katedra podnikových financií